Southville International School and Colleges
Your cart is empty.
  • Cart
  • Lists
    Public lists Eva Luna New books Lux_list list_1
    Your lists Log in to create your own lists
  • Log in to your account
  • Your cookies
  • Search history
Southville International School and Colleges
  • Advanced search
  • Recent comments
  • Most popular
  • Libraries

Log in to your account

Log in with GOOGLE


If you do not have an external account, but do have a local account, you can still log in:

  1. Home
  2. MARC view: Resource manual for nursing research :
Normal view MARC view ISBD view

Resource manual for nursing research : (Record no. 283686)

[ view plain ]
MARC details
000 -LEADER
fixed length control field 01350cam a2200349 a 4500
001 - CONTROL NUMBER
control field 17254601
003 - CONTROL NUMBER IDENTIFIER
control field PILC
005 - DATE AND TIME OF LATEST TRANSACTION
control field 20150303084351.0
008 - FIXED-LENGTH DATA ELEMENTS--GENERAL INFORMATION
fixed length control field 120413s2012 paua b 001 0 eng
010 ## - LIBRARY OF CONGRESS CONTROL NUMBER
LC control number 2012392257
020 ## - INTERNATIONAL STANDARD BOOK NUMBER
International Standard Book Number 9781605477824
020 ## - INTERNATIONAL STANDARD BOOK NUMBER
International Standard Book Number 1605477826
020 ## - INTERNATIONAL STANDARD BOOK NUMBER
International Standard Book Number 9781469802299
040 ## - CATALOGING SOURCE
Original cataloging agency DLC
Transcribing agency DLC
Modifying agency DLC
042 ## - AUTHENTICATION CODE
Authentication code pcc
050 00 - LIBRARY OF CONGRESS CALL NUMBER
Classification number RT 81.5
Item number .P64 2012
082 00 - DEWEY DECIMAL CLASSIFICATION NUMBER
Classification number 610.73072
100 1# - MAIN ENTRY--PERSONAL NAME
Personal name Polit, Denise F.
245 10 - TITLE STATEMENT
Title Resource manual for nursing research :
Remainder of title generating and assessing evidence for nursing practice /
Statement of responsibility, etc Denise F. Polit, Cheryl Tatano Beck.
250 ## - EDITION STATEMENT
Edition statement 9th ed.
260 ## - PUBLICATION, DISTRIBUTION, ETC. (IMPRINT)
Place of publication, distribution, etc Philadelphia :
Name of publisher, distributor, etc Wolters Kluwer Health/lippincott Williams & Wilkins,
Date of publication, distribution, etc c2012.
300 ## - PHYSICAL DESCRIPTION
Extent vii, 471 pages :
Other physical details illustrations (some colors) ;
Dimensions 24 cm.
500 ## - GENERAL NOTE
General note Rev. ed. of: Resource manual to accompany Nursing research / Denise F. Polit, Cheryl Tatano Beck. 8th ed. 2008.
521 ## - TARGET AUDIENCE NOTE
Target audience note Nursing
650 #0 - SUBJECT ADDED ENTRY--TOPICAL TERM
Topical term or geographic name as entry element Nursing
General subdivision Research
-- Methodology.
700 1# - ADDED ENTRY--PERSONAL NAME
Personal name Beck, Cheryl Tatano.
700 1# - ADDED ENTRY--PERSONAL NAME
Personal name Polit, Denise F.
Title of a work Resource manual to accompany Nursing research.
856 42 - ELECTRONIC LOCATION AND ACCESS
Materials specified Publisher description
Uniform Resource Identifier <a href="http://www.loc.gov/catdir/enhancements/fy1316/2012392257-d.html">http://www.loc.gov/catdir/enhancements/fy1316/2012392257-d.html</a>
906 ## - LOCAL DATA ELEMENT F, LDF (RLIN)
a 7
b cbc
c origcop
d 2
e ncip
f 20
g y-gencatlg
942 ## - ADDED ENTRY ELEMENTS (KOHA)
Source of classification or shelving scheme Library of Congress Classification
Koha item type Books
Holdings
Withdrawn status Lost status Source of classification or shelving scheme Damaged status Home library Current library Shelving location Date acquired Source of acquisition Sub Shelving location Total Checkouts Full call number Barcode Date last seen Price effective from Koha item type
    Library of Congress Classification   College Library College Library Filipiniana Section 03/03/2015 Library Fund     RT 81.5 .P64 2012 C19190 05/08/2018 03/03/2015 Books

Resource manual for nursing research :

APA

Polit D. F., Beck C. T. & Polit D. F. (2012). Resource manual for nursing research. Philadelphia: Wolters Kluwer Health/lippincott Williams & Wilkins.

Chicago

Polit Denise F, Beck Cheryl Tatano and Polit Denise F. 2012. Resource manual for nursing research. Philadelphia: Wolters Kluwer Health/lippincott Williams & Wilkins.

Harvard

Polit D. F., Beck C. T. and Polit D. F. (2012). Resource manual for nursing research. Philadelphia: Wolters Kluwer Health/lippincott Williams & Wilkins.

MLA

Polit Denise F, Beck Cheryl Tatano and Polit Denise F. Resource manual for nursing research. Philadelphia: Wolters Kluwer Health/lippincott Williams & Wilkins. 2012.

  • Place hold
  • Print
  • Cite
  • Add to your cart (remove)
  • Save record
    BIBTEX Dublin Core MARCXML MARC (non-Unicode/MARC-8) MARC (Unicode/UTF-8) MARC (Unicode/UTF-8, Standard) MODS (XML) RIS
  • More searches
    Search for this title in:
    Other Libraries (WorldCat) Other Databases (Google Scholar) Online Stores (Bookfinder.com) Open Library (openlibrary.org)

Exporting to Dublin Core...

SOUTHVILLE LIBRARY

Southville International School and Colleges Library

1281 Tropical Ave. Cor. Luxembourg St., BF Homes International, Las Pinas City

Tel. No. 8256374 / 252358 Loc. 117/146

Powered by Koha